Slovenská ekonomika v kríze z pohľadu ratingu Ease of doing business

Ekonomický vývoj Slovenska. Makroekonomické ukazovatele. Vývoj HDP na obyvateľa v stálych cenách roku 2000. Vývoj harmonizovaného indexu spotrebiteľských cien (2004-2010). Vývoj miery nezamestnanosti (1994-2010). Mikroekonomické ukazovatele Slovenska. Vývoj ročných nákladov práce na zamestnanca (199...

ver descrição completa

Na minha lista:
Detalhes bibliográficos
Autor principal: Tkáč, Michal, 1958-
Outros Autores: Andrejkovič, Marek, Hudák, Matej, 1984-
Formato: Capítulo de Livro
Idioma:eslovaco
Assuntos:
Tags: Adicionar Tag
Sem tags, seja o primeiro a adicionar uma tag!

MARC

LEADER 00000nla$a2200000$$$4500
001 0144296
005 20240605094142.7
041 0 |a slo 
044 |a SK 
245 1 0 |a Slovenská ekonomika v kríze z pohľadu ratingu Ease of doing business  |c Michal Tkáč, Marek Andrejkovič, Matej Hudák 
520 |a Ekonomický vývoj Slovenska. Makroekonomické ukazovatele. Vývoj HDP na obyvateľa v stálych cenách roku 2000. Vývoj harmonizovaného indexu spotrebiteľských cien (2004-2010). Vývoj miery nezamestnanosti (1994-2010). Mikroekonomické ukazovatele Slovenska. Vývoj ročných nákladov práce na zamestnanca (1994-2003). Poradie krajín strednej Európy v rámci systému Ease of doing business. Počet procedúr potrebných pri začatí podnikania. Náklady potrebné pri začatí podnikania. Kapitál potrebný pri začatí podnikania. 
610 2 0 |a situácia hospodárska 
610 2 0 |a ukazovatele ekonomické 
610 2 0 |a makroekonomika 
610 2 0 |a mikroekonomika 
610 2 0 |a produkt domáci hrubý 
610 2 0 |a nezamestnanosť 
610 2 0 |a index cien spotrebiteľských 
610 2 0 |a náklady mzdové 
610 2 0 |a prostredie podnikateľské 
610 2 0 |a Slovensko 
610 2 0 |a Európa 
100 1 |a Tkáč, Michal, 1958- 
700 1 |a Andrejkovič, Marek 
700 1 |a Hudák, Matej, 1984-